00654nam a2200193Ia 4500952013100000999001700131003000400148005001700152008004100169020001500210040000900225082002400234100002300258245004600281260005100327300000900378650001900387942005400406 00102ddc40708LITaMESbMEScENGd2019-02-20g529.47l0o820.9917 MCL/Bp26068r2019-02-20 00:00:00w2019-02-20yBKzGR16R1 c20768d20768OSt20201113110330.0190216s9999||||xx |||||||||||||| ||und|| a0719052092 coclc a820.99171241bMCL/B aMcleod, John95872 0aBeginning Postcolonialism /cJohn Mcleod  bManchester University Press,c2000.aNew york: a269p aIndian History cBK2ddch820.99171241iMCL/Bk820.99171241mMCL/B